Geografía por imágenes - A - Estadísticas

Estadísticas generales
  • Esta prueba ha sido intentada 8.435 veces
  • La puntuación promedio es 12 de 18
Estadísticas de respuestas
Imagen Hint Respuesta % Correcto
ciudad Atenas
96%
país Albania
93%
lugar Antártida
92%
fenomeno natural Aurora polar
91%
río Amazonas
83%
región Andalucia
83%
país Argentina
79%
ciudad Amsterdam
78%
cadena de montañas Andes
78%
mar Adriático
71%
estado de los EE. UU. Alaska
70%
país Australia
65%
isla Alcatraz
54%
ciudad Alejandría
38%
templo Angkor Wat
34%
ciudad Agra
32%
cementerio militar Arlington
18%
montaña asiática Ararat
15%
No se encontraron pruebas coincidentes
Distribución de puntuación
Porcentaje de gente con cada puntuación
Porcentaje por número respondido
Historial de tus puntuaciones
No has intentado esta prueba.